[Event "XX чемпионат ПФО по шах"]
[Site "Набережные Челн�"]
[Date "2022.03.25"]
[Round "6.10"]
[White "Chepovetskaya, Sofya"]
[Black "Kalashnikova, Elena"]
[Result "0-1"]
[WhiteElo "1369"]
[BlackElo "1659"]
[PlyCount "52"]
[EventDate "2022.03.20"]

1. c4 Nf6 2. Nc3 e6 3. e4 d5 4. e5 d4 5. exf6 dxc3 6. bxc3 Qxf6 7. d4 c5 8. Nf3
h6 9. Bd3 Nc6 10. Bc2 cxd4 11. cxd4 Bc5 12. Be3 Bb4+ 13. Bd2 O-O 14. O-O Rd8
15. Bxb4 Nxb4 16. Be4 Qf4 17. Re1 f5 18. Bb1 Nc6 19. d5 Qxc4 20. a3 Rxd5 21.
Ba2 Rxd1 22. Bxc4 Rxa1 23. Rxa1 Kf7 24. Bb5 Bd7 25. Rc1 Ke7 26. Kf1 Rc8 0-1

[Event "XX чемпионат ПФО по шах"]
[Site "Набережные Челн�"]
[Date "2022.03.25"]
[Round "6.11"]
[White "Nosacheva, Mariya"]
[Black "Yusupova, Adel"]
[Result "1-0"]
[WhiteElo "2244"]
[BlackElo "1328"]
[PlyCount "75"]
[EventDate "2022.03.20"]

1. e4 c5 2. Nf3 Nc6 3. d4 cxd4 4. Nxd4 Nf6 5. Nc3 e5 6. Ndb5 d6 7. Bg5 a6 8.
Na3 b5 9. Bxf6 gxf6 10. Nd5 f5 11. Bd3 Be6 12. O-O Bg7 13. c4 bxc4 14. Nxc4
Bxd5 15. exd5 Nd4 16. Qa4+ Kf8 17. Rfd1 Rg8 18. Bf1 Qh4 19. Rxd4 Qxd4 20. Qd7
Qa7 21. Qxd6+ Qe7 22. Qc6 Rd8 23. d6 Qa7 24. Nb6 Bf6 25. Qc7 Ra8 26. Nxa8 Qxa8
27. Rc1 Kg7 28. Rc3 f4 29. d7 e4 30. Rh3 Qb8 31. Qc6 Qxb2 32. Qxe4 Rf8 33. Qxf4
Rd8 34. Qh6+ Kg8 35. Qxh7+ Kf8 36. Qh6+ Bg7 37. Qd6+ Kg8 38. Qe7 1-0

[Event "XX чемпионат ПФО по шах"]
[Site "Набережные Челн�"]
[Date "2022.03.25"]
[Round "6.12"]
[White "Nigmatullina, Dina"]
[Black "Maltseva, Elizaveta"]
[Result "0-1"]
[WhiteElo "1501"]
[BlackElo "1547"]
[PlyCount "136"]
[EventDate "2022.03.20"]

1. d4 Nf6 2. c4 e6 3. Nf3 Bb4+ 4. Bd2 a5 5. g3 O-O 6. Bg2 d5 7. Qc2 c6 8. O-O
b6 9. a3 Be7 10. Nc3 Ba6 11. cxd5 cxd5 12. Rfe1 b5 13. Ne5 Qb6 14. e4 b4 15.
Na4 Qxd4 16. exd5 exd5 17. Nf3 Qa7 18. Be3 Qb7 19. Nb6 Ra7 20. Ng5 Qc6 21. Qb1
g6 22. Nxd5 Nxd5 23. Bxa7 Bxg5 24. Re5 Bf6 25. Rxd5 Bb7 26. Bxb8 Qc4 27. Bd6
Bxd5 28. Bxd5 Qxd5 29. Bxf8 Kxf8 30. axb4 axb4 31. Qe1 b3 32. Qe2 Kg7 33. Rd1
Qa5 34. Rd2 Qa1+ 35. Kg2 Qa8+ 36. Qf3 Qa4 37. h4 Qc4 38. h5 Qe6 39. Re2 Qb6 40.
hxg6 hxg6 41. Qe4 Qb5 42. f4 Qc5 43. Rf2 Qc1 44. Qe2 Qc6+ 45. Qf3 Qc4 46. f5 g5
47. Qb7 Qd3 48. Qb4 Qd5+ 49. Kh2 Qd3 50. Rd2 Qf3 51. Qb6 Be5 52. Qf2 Qb7 53.
Rd3 Bf6 54. Qd2 Qb5 55. Qe3 Qxf5 56. Rxb3 Qc2+ 57. Kh3 Qf5+ 58. g4 Qh7+ 59. Kg2
Qc2+ 60. Kg3 Qc7+ 61. Kh3 Qc6 62. Rb4 Qh1+ 63. Kg3 Qd5 64. Rb3 Qd6+ 65. Kg2
Qc6+ 66. Kg1 Qc4 67. Qf3 Qc1+ 68. Qf1 Bd4+ 0-1

[Event "XX чемпионат ПФО по шах"]
[Site "Набережные Челн�"]
[Date "2022.03.25"]
[Round "6.13"]
[White "Tabermakova, Leila"]
[Black "Sirotkina, Elizaveta"]
[Result "0-1"]
[WhiteElo "1591"]
[BlackElo "1269"]
[PlyCount "84"]
[EventDate "2022.03.20"]

1. e4 c5 2. Nf3 Nf6 3. Nc3 d5 4. Bb5+ Bd7 5. Bxd7+ Qxd7 6. exd5 Nxd5 7. Ne2 Nc6
8. b3 e5 9. Bb2 Bd6 10. d3 Nd4 11. Nd2 Nb4 12. Nxd4 cxd4 13. a3 Nd5 14. O-O O-O
15. Re1 b5 16. Qf3 Bc7 17. Ne4 Rac8 18. c4 dxc3 19. Nxc3 Nf4 20. Rad1 f6 21.
Ne4 Ne6 22. Qf5 Qd5 23. d4 Rcd8 24. Rd3 Nxd4 25. Bxd4 exd4 26. Qxd5+ Rxd5 27.
Nc3 Rh5 28. Rxd4 Bxh2+ 29. Kf1 Be5 30. Rd3 Bxc3 31. Rxc3 Rh1+ 32. Ke2 Re8+ 33.
Re3 Rxe3+ 34. fxe3 Rxe1+ 35. Kxe1 Kf7 36. Ke2 Ke6 37. e4 Ke5 38. Ke3 h5 39. a4
g5 40. axb5 h4 41. Kf3 Kd4 42. b4 Kd3 0-1

[Event "XX чемпионат ПФО по шах"]
[Site "Набережные Челн�"]
[Date "2022.03.25"]
[Round "6.14"]
[White "Galieva, Alina"]
[Black "Miftakhova, Azalia"]
[Result "1-0"]
[WhiteElo "1272"]
[BlackElo "1638"]
[PlyCount "143"]
[EventDate "2022.03.20"]

1. e4 c5 2. Nf3 d6 3. d4 cxd4 4. Nxd4 Nf6 5. Nc3 a6 6. Bg5 e6 7. f4 h6 8. Bh4
Qb6 9. Qd2 Qxb2 10. Rb1 Qa3 11. f5 Be7 12. Bg3 e5 13. Nf3 Nbd7 14. Bd3 b5 15.
O-O Bb7 16. Bf2 Rc8 17. Rb3 Qa5 18. Nb1 Qxd2 19. Nbxd2 d5 20. Re1 dxe4 21. Nxe4
Nxe4 22. Bxe4 Bxe4 23. Rxe4 Rxc2 24. Nxe5 Rc1+ 25. Be1 Nc5 26. Nd3 Nxb3 27.
Nxc1 Nxc1 28. Bb4 O-O 29. Bxe7 Re8 30. a3 f6 31. Re3 Kf7 32. Bc5 Rxe3 33. Bxe3
Nd3 34. Bd2 Nb2 35. Kf2 Nc4 36. Bb4 h5 37. h3 Ne5 38. Ke3 g6 39. fxg6+ Kxg6 40.
Ke4 Kg5 41. g3 Nc4 42. Kf3 a5 43. Be7 Kf5 44. Bc5 Ke5 45. g4 Nd2+ 46. Ke3 Nb3
47. Be7 hxg4 48. hxg4 Ke6 49. Bf8 f5 50. gxf5+ Kxf5 51. Kd3 Ke5 52. Kc3 Nc1 53.
Kc2 Ne2 54. Kd3 Nf4+ 55. Kc3 Kd5 56. Kb3 Ne6 57. Be7 Nc5+ 58. Kc3 Na4+ 59. Kb3
Kd4 60. Bd8 Nc5+ 61. Kb2 Nd3+ 62. Kc2 a4 63. Ba5 Kc4 64. Bc3 Nf4 65. Bb4 Ne6
66. Bc3 Nd4+ 67. Kb2 Ne2 68. Bb4 Nf4 69. Kc2 Ne2 70. Bf8 Nd4+ 71. Kb2 Kd3 72.
Bb4 1-0

[Event "XX чемпионат ПФО по шах"]
[Site "Набережные Челн�"]
[Date "2022.03.25"]
[Round "6.16"]
[White "Ivanova, Arina"]
[Black "Sosnina, Nadezhda"]
[Result "1-0"]
[WhiteElo "1660"]
[BlackElo "1623"]
[PlyCount "59"]
[EventDate "2022.03.20"]

1. e4 c5 2. Nf3 g6 3. d4 cxd4 4. Nxd4 Bg7 5. Ne2 Nf6 6. Nbc3 d6 7. g3 Nc6 8.
Bg2 h5 9. h3 Bd7 10. O-O Qc8 11. Kh2 h4 12. g4 Bxg4 13. hxg4 Nxg4+ 14. Kh1 Nce5
15. Nf4 h3 16. Bf3 Nxf3 17. Qxf3 Be5 18. Qe2 Nf6 19. Ncd5 Nh5 20. Nxh5 Rxh5 21.
Bf4 Bxf4 22. Nxf4 Rh4 23. Nd5 Kf8 24. Rg1 Rb8 25. Rae1 Qe6 26. Qe3 Rc8 27. Rg3
b6 28. Nf4 Qf6 29. Nxg6+ fxg6 30. Rf3 1-0

[Event "XX чемпионат ПФО по шах"]
[Site "Набережные Челн�"]
[Date "2022.03.25"]
[Round "6.17"]
[White "Fefelova, Ekaterina"]
[Black "Maltseva, Aleksandra"]
[Result "0-1"]
[WhiteElo "1379"]
[BlackElo "1498"]
[PlyCount "76"]
[EventDate "2022.03.20"]

1. e4 d5 2. exd5 Qxd5 3. Nc3 Qa5 4. d4 Nf6 5. Nf3 Bg4 6. h3 Bd7 7. Ne5 Nc6 8.
Nc4 Qh5 9. Be2 Qg6 10. Kf1 O-O-O 11. g4 Be6 12. Be3 Nd5 13. Qd2 Qf6 14. Kg1
Nxc3 15. bxc3 Bd5 16. Rh2 h6 17. f4 Kb8 18. Ne5 Nxe5 19. fxe5 Qc6 20. a4 f6 21.
Bb5 Qe6 22. Re2 h5 23. exf6 Bf3 24. d5 Qxf6 25. Bd4 Qh4 26. Bxa7+ Ka8 27. Qf4
Kxa7 28. Qxf3 hxg4 29. Qxg4 Rxd5 30. Rg2 Qxh3 31. Qxh3 Rxh3 32. Bd3 Rdh5 33.
Rf1 Rh8 34. Rf7 c6 35. Bf5 Rh1+ 36. Kf2 R1h4 37. Bg4 e5 38. Bc8 Bc5+ 0-1

[Event "XX чемпионат ПФО по шах"]
[Site "Набережные Челн�"]
[Date "2022.03.25"]
[Round "6.18"]
[White "Kayumova, Karina"]
[Black "Yusupova, Zhizel"]
[Result "1-0"]
[WhiteElo "1290"]
[BlackElo "1368"]
[PlyCount "84"]
[EventDate "2022.03.20"]

1. e4 c5 2. Nf3 Nc6 3. d4 cxd4 4. Nxd4 Nf6 5. Nc3 e5 6. Ndb5 d6 7. Bg5 a6 8.
Na3 b5 9. Nd5 Be7 10. Bxf6 Bxf6 11. c3 O-O 12. Nc2 Bg5 13. a4 bxa4 14. Rxa4 a5
15. Bc4 Rb8 16. b3 Kh8 17. Nce3 Bxe3 18. Nxe3 Ne7 19. O-O f5 20. exf5 Nxf5 21.
Nxf5 Bxf5 22. Qd5 h6 23. Rxa5 Be4 24. Qxe4 Qxa5 25. Bd3 Kg8 26. Qh7+ Kf7 27.
Bg6+ Kf6 28. Bh5 Ke6 29. Qxg7 Qd8 30. c4 d5 31. cxd5+ Kd6 32. Qxh6+ Rf6 33. Qc1
Rxb3 34. Qc6+ Ke7 35. Qc5+ Kd7 36. Bg4+ Ke8 37. Re1 Qb8 38. d6 Qxd6 39. Rxe5+
Kf8 40. Qxd6+ Rxd6 41. g3 Rd2 42. Rf5+ Kg7 1-0

[Event "XX чемпионат ПФО по шах"]
[Site "Набережные Челн�"]
[Date "2022.03.25"]
[Round "6.19"]
[White "Chekina, Anastasiia"]
[Black "Mokeeva, Zlata"]
[Result "0-1"]
[WhiteElo "1452"]
[BlackElo "1265"]
[PlyCount "60"]
[EventDate "2022.03.20"]

1. e4 c5 2. Nf3 d6 3. d4 cxd4 4. Nxd4 Nf6 5. Nc3 a6 6. h4 e5 7. Nb3 Be7 8. Bg5
Nbd7 9. a4 h6 10. Bxf6 Nxf6 11. Bc4 Qc7 12. Qe2 Bd7 13. O-O O-O 14. Rfd1 Rac8
15. Bd5 Be6 16. Bxe6 fxe6 17. Rd2 Nd7 18. Qg4 Rf6 19. Ne2 Kh7 20. h5 Rcf8 21.
Ng3 Nc5 22. Ra3 Bd8 23. f3 Nxb3 24. Rxb3 Qc5+ 25. Kh2 Rf4 26. Qg6+ Kh8 27. Ne2
Bg5 28. Rxb7 Rg8 29. Nc3 Rf6 30. Rxg7 Rxg6 0-1

[Event "XX чемпионат ПФО по шах"]
[Site "Набережные Челн�"]
[Date "2022.03.25"]
[Round "6.20"]
[White "Korotaeva, Polina"]
[Black "Kanter, Elizaveta"]
[Result "0-1"]
[WhiteElo "1196"]
[BlackElo "1272"]
[PlyCount "70"]
[EventDate "2022.03.20"]

1. e4 c5 2. Nf3 d6 3. Bb5+ Nd7 4. O-O Ngf6 5. Re1 a6 6. Bf1 e6 7. c3 Be7 8. d4
O-O 9. h3 b5 10. Bf4 Bb7 11. Nbd2 Rc8 12. Kh1 cxd4 13. cxd4 Nb6 14. Bg5 h6 15.
Bxf6 Bxf6 16. Qb3 Qd7 17. Rac1 Rc7 18. Rxc7 Qxc7 19. Re3 Na4 20. Qa3 Be7 21.
Qb3 Qc1 22. Kh2 Rc8 23. Bxb5 axb5 24. Qxb5 Bc6 25. Qa6 Ra8 26. Re1 Rxa6 27.
Rxc1 Nxb2 28. a3 Nd3 29. Rc3 Nxf2 30. Re3 Nd1 31. Re1 Nb2 32. Rb1 Na4 33. e5
Bxf3 34. Nxf3 dxe5 35. Nxe5 Bd6 0-1

[Event "XX чемпионат ПФО по шах"]
[Site "Набережные Челн�"]
[Date "2022.03.26"]
[Round "7.1"]
[White "Shafigullina, Zarina"]
[Black "Nur-Mukhametova, Alisa"]
[Result "1-0"]
[WhiteElo "2204"]
[BlackElo "2225"]
[PlyCount "71"]
[EventDate "2022.03.20"]

1. d4 Nf6 2. c4 e6 3. Nc3 Bb4 4. e3 O-O 5. Bd2 d5 6. Nf3 c5 7. a3 Bxc3 8. Bxc3
Ne4 9. Bd3 Nxc3 10. bxc3 dxc4 11. Bxc4 Qc7 12. Qd3 Nd7 13. O-O b6 14. e4 Bb7
15. e5 Bxf3 16. gxf3 cxd4 17. cxd4 Rfd8 18. f4 Nf8 19. Rac1 Qe7 20. f5 Qg5+ 21.
Kh1 Qf4 22. Rcd1 exf5 23. Qe3 Qxe3 24. fxe3 Rac8 25. Ba6 Rc3 26. Rxf5 g6 27.
Rf6 Nd7 28. Rd3 Rc1+ 29. Kg2 h5 30. Bb5 Kg7 31. Rc6 Rb1 32. Bc4 Rb2+ 33. Kg3
h4+ 34. Kxh4 Rxh2+ 35. Kg3 Rb2 36. Rc3 1-0

[Event "XX чемпионат ПФО по шах"]
[Site "Набережные Челн�"]
[Date "2022.03.26"]
[Round "7.2"]
[White "Goltseva, Ekaterina"]
[Black "Shukhman, Anna"]
[Result "1-0"]
[WhiteElo "2327"]
[BlackElo "2014"]
[PlyCount "46"]
[EventDate "2022.03.20"]

1. c4 Nf6 2. Nf3 g6 3. Nc3 d5 4. cxd5 Nxd5 5. h4 Bg7 6. h5 Nxc3 7. bxc3 c5 8.
Rb1 Nc6 9. e3 Qc7 10. d4 Bg4 11. h6 Bf6 12. Be2 O-O 13. Nd2 Be6 14. a4 Bh8 15.
O-O Rfd8 16. Ba3 b6 17. Qc1 Na5 18. dxc5 Qd7 19. Rd1 Qxa4 20. cxb6 axb6 21.
Rxb6 Qh4 22. Nf3 Qxh6 23. Rxd8+ Rxd8 1-0

[Event "XX чемпионат ПФО по шах"]
[Site "Набережные Челн�"]
[Date "2022.03.26"]
[Round "7.3"]
[White "Nasyrova, Ekaterina"]
[Black "Iljushina, Olga"]
[Result "1-0"]
[WhiteElo "2109"]
[BlackElo "2054"]
[PlyCount "91"]
[EventDate "2022.03.20"]

1. d4 d5 2. c4 e6 3. Nc3 Be7 4. Nf3 Nf6 5. Bf4 O-O 6. e3 Nbd7 7. Be2 dxc4 8.
O-O Nd5 9. Bxc4 Nxf4 10. exf4 c5 11. dxc5 Nxc5 12. Qe2 Qc7 13. g3 a6 14. a4 b6
15. b4 Nb7 16. Rac1 Bxb4 17. Ng5 h6 18. Nce4 Qe7 19. Qh5 Nc5 20. Nxc5 Bxc5 21.
Ne4 Bb7 22. Nxc5 Qxc5 23. Qxc5 bxc5 24. Rfe1 Rfd8 25. Re5 Rac8 26. f5 exf5 27.
Rxf5 Rc7 28. h4 Rd4 29. Kh2 Kf8 30. a5 f6 31. Rf4 Rxf4 32. gxf4 Re7 33. Kg3 Ke8
34. f5 Re5 35. Rb1 Re7 36. Rb6 Rc7 37. Kf4 Kd8 38. Ke3 Re7+ 39. Be6 Kc7 40. Kd3
Bg2 41. Kc4 Be4 42. Rxa6 g6 43. fxg6 Bxg6 44. Ra7+ Kd6 45. Rxe7 Kxe7 46. Bd5
1-0

[Event "XX чемпионат ПФО по шах"]
[Site "Набережные Челн�"]
[Date "2022.03.26"]
[Round "7.4"]
[White "Vysotskaya, Anastasiya"]
[Black "Sautina, Elizaveta"]
[Result "1-0"]
[WhiteElo "2210"]
[BlackElo "1629"]
[PlyCount "69"]
[EventDate "2022.03.20"]

1. d4 d5 2. c4 e6 3. Nf3 c6 4. Qc2 Nf6 5. g3 Nbd7 6. Bg2 b6 7. O-O Be7 8. Nbd2
Bb7 9. e4 O-O 10. cxd5 cxd5 11. e5 Ne8 12. Re1 Qc7 13. Qd1 Ba6 14. Nf1 Rc8 15.
Ne3 b5 16. Bf1 Qb7 17. Bd3 b4 18. Bb1 Bb5 19. h4 Qa6 20. Kg2 Nb6 21. Ng5 Bxg5
22. hxg5 g6 23. Bd2 Nc4 24. Bxb4 Nxb2 25. Qf3 Nd3 26. Bxd3 Bxd3 27. Ng4 Be4 28.
Rxe4 dxe4 29. Nh6+ Kh8 30. Qf4 Ng7 31. Bxf8 Nf5 32. Be7 Kg7 33. Bf6+ Kf8 34.
Qxe4 Qa3 35. Qb7 1-0

[Event "XX чемпионат ПФО по шах"]
[Site "Набережные Челн�"]
[Date "2022.03.26"]
[Round "7.5"]
[White "Kalashnikova, Elena"]
[Black "Kuznetsova, Polina"]
[Result "0-1"]
[WhiteElo "1659"]
[BlackElo "1835"]
[PlyCount "74"]
[EventDate "2022.03.20"]

1. d4 d5 2. c4 e6 3. g3 dxc4 4. Bg2 c5 5. d5 exd5 6. Bxd5 Be7 7. Qa4+ Nc6 8.
Nc3 Nf6 9. Bg2 O-O 10. Nf3 Be6 11. Ng5 Bd7 12. Qxc4 Ne5 13. Qf4 Bc6 14. Bxc6
Nxc6 15. O-O h6 16. Nf3 Nd5 17. Qg4 Nxc3 18. bxc3 Qc8 19. Qh5 Qe6 20. Be3 b6
21. g4 Rad8 22. Rfd1 Rxd1+ 23. Rxd1 Qxa2 24. g5 hxg5 25. Bxg5 Qc2 26. Rd5 Qg6
27. Qxg6 fxg6 28. Bxe7 Nxe7 29. Rd7 Nc8 30. Ng5 Re8 31. Rc7 a5 32. Kf1 Nd6 33.
Rc6 Nc4 34. Ke1 a4 35. Kd1 a3 36. Rc7 a2 37. Ra7 Na5 0-1

[Event "XX чемпионат ПФО по шах"]
[Site "Набережные Челн�"]
[Date "2022.03.26"]
[Round "7.6"]
[White "Kulkova, Dina"]
[Black "Nagaeva, Aliia"]
[Result "1/2-1/2"]
[WhiteElo "1501"]
[BlackElo "1680"]
[PlyCount "84"]
[EventDate "2022.03.20"]

1. c4 Nf6 2. g3 g6 3. Bg2 Bg7 4. Nc3 d6 5. d3 e5 6. Nf3 O-O 7. O-O h6 8. Rb1 a5
9. a3 Nc6 10. b4 axb4 11. axb4 Nd7 12. Nd5 Ne7 13. Nxe7+ Qxe7 14. Bb2 f5 15.
Nd2 Nf6 16. e3 g5 17. Re1 g4 18. Nb3 Qf7 19. Qe2 Rb8 20. b5 b6 21. Rf1 Nh7 22.
f4 gxf3 23. Bxf3 Ng5 24. Bg2 Qg6 25. Nd2 h5 26. Nf3 Nxf3+ 27. Qxf3 Bb7 28. Qe2
Bxg2 29. Qxg2 Bh6 30. Rbe1 Rf7 31. d4 e4 32. Re2 Kh7 33. Bc1 Rg8 34. Kh1 Qe6
35. d5 Qg6 36. Ra2 Qg4 37. Qf2 Bg5 38. Rg1 Bf6 39. Bb2 Bxb2 40. Rxb2 Ra8 41.
Rf1 Qg5 42. Re1 Ra4 1/2-1/2

[Event "XX чемпионат ПФО по шах"]
[Site "Набережные Челн�"]
[Date "2022.03.26"]
[Round "7.7"]
[White "Ivanaeva, Alina"]
[Black "Testova, Nika"]
[Result "0-1"]
[WhiteElo "1871"]
[BlackElo "1674"]
[PlyCount "150"]
[EventDate "2022.03.20"]

1. e4 c5 2. Nf3 d6 3. d4 cxd4 4. Nxd4 Nf6 5. Nc3 a6 6. Be2 e5 7. Nb3 Be6 8. Bg5
Be7 9. Bxf6 Bxf6 10. O-O Qc7 11. Nd5 Bxd5 12. Qxd5 O-O 13. c3 Nc6 14. Rfd1 Rfd8
15. Bf3 Rac8 16. Nd2 Ne7 17. Qb3 Qc5 18. Nf1 Bg5 19. Rd3 Qc4 20. Rad1 d5 21.
Qxc4 Rxc4 22. exd5 Rd6 23. b3 Rc5 24. Ne3 b5 25. g4 g6 26. Be4 Bxe3 27. Rxe3 f5
28. gxf5 gxf5 29. Rg3+ Kf7 30. Rf3 Kg6 31. Rg3+ Kf6 32. Rf3 Kg5 33. Kh1 fxe4
34. Rg1+ Kh4 35. Rf7 Nf5 36. Rxf5 Rcxd5 37. Rgg5 Rd3 38. Rh5+ Kg4 39. Rhg5+ Kh4
40. Rh5+ Kg4 41. Kg2 Rg6 42. Rxe5 Rxc3 43. Kf1 Rc1+ 44. Ke2 Rc3 45. Rxh7 Kf4
46. Rd5 Rc2+ 47. Rd2 Rc1 48. Rf7+ Ke5 49. Re7+ Kf4 50. Rd4 Rc2+ 51. Rd2 Rc1 52.
Rf7+ Ke5 53. Rfd7 Rgg1 54. R2d5+ Ke6 55. R7d6+ Ke7 56. Ke3 Rge1+ 57. Kf4 Rc2
58. Rd7+ Ke8 59. Ke5 Rxf2 60. Rd8+ Kf7 61. R5d7+ Kg6 62. Rg8+ Kh6 63. Rgg7 Kh5
64. Rg3 Kh6 65. Rd6+ Kh7 66. h4 e3 67. Rd7+ Kh8 68. Rd6 Kh7 69. Rg5 Rf7 70. Re6
e2 71. Rgg6 Rd1 72. Rh6+ Kg7 73. Reg6+ Kf8 74. Rh8+ Ke7 75. Re6+ Kd7 0-1

[Event "XX чемпионат ПФО по шах"]
[Site "Набережные Челн�"]
[Date "2022.03.26"]
[Round "7.8"]
[White "Maltseva, Elizaveta"]
[Black "Nosacheva, Mariya"]
[Result "0-1"]
[WhiteElo "1547"]
[BlackElo "2244"]
[PlyCount "84"]
[EventDate "2022.03.20"]

1. d4 Nf6 2. c4 e6 3. g3 c5 4. Nf3 cxd4 5. Nxd4 Nc6 6. Bg2 Bc5 7. Nb3 Be7 8.
O-O O-O 9. Nc3 d6 10. Nd4 Bd7 11. Ndb5 Qb8 12. Bf4 Ne5 13. Bxe5 dxe5 14. Ne4
Bc6 15. Nbc3 Nd7 16. Nd2 Bxg2 17. Kxg2 Qc7 18. Rb1 Nb8 19. e3 f5 20. b4 a6 21.
Qb3 e4 22. c5 Rf6 23. Nc4 Nd7 24. Rbd1 Raf8 25. Na4 Rh6 26. Nab6 Nf6 27. Nd6
Ng4 28. h3 Ne5 29. Rd4 Bxd6 30. Rxd6 Qf7 31. Rh1 Nd3 32. Qd1 Nxb4 33. Rd7 Qg6
34. Rxb7 Nd3 35. c6 f4 36. Qg4 f3+ 37. Kg1 Qxg4 38. hxg4 Rxh1+ 39. Kxh1 Nxf2+
40. Kg1 Nxg4 41. Nc4 f2+ 42. Kf1 Nh2+ 0-1

[Event "XX чемпионат ПФО по шах"]
[Site "Набережные Челн�"]
[Date "2022.03.26"]
[Round "7.9"]
[White "Sirotkina, Elizaveta"]
[Black "Galieva, Alina"]
[Result "1/2-1/2"]
[WhiteElo "1269"]
[BlackElo "1272"]
[PlyCount "90"]
[EventDate "2022.03.20"]

1. d4 Nf6 2. c4 c5 3. d5 b5 4. cxb5 a6 5. Nc3 axb5 6. Nxb5 Qa5+ 7. Nc3 d6 8.
Bd2 Ba6 9. Nf3 Nbd7 10. g3 g6 11. Bg2 Bg7 12. O-O O-O 13. Re1 Ng4 14. Qc1 Rfb8
15. Bg5 Rxb2 16. Qxb2 Bxc3 17. Qc2 Bxa1 18. Rxa1 Ngf6 19. Bd2 Qb5 20. e4 Qd3
21. Qxd3 Bxd3 22. Ng5 h6 23. Nh3 Bxe4 24. Bxe4 Nxe4 25. Be1 Nef6 26. a4 Nxd5
27. a5 Ne5 28. Kg2 c4 29. Nf4 Nxf4+ 30. gxf4 Nd3 31. Bd2 d5 32. Be3 Ra6 33. Kf3
e5 34. fxe5 Nxe5+ 35. Ke2 Nc6 36. Bb6 d4 37. Rc1 Nxa5 38. Bxd4 Re6+ 39. Kf3 Rd6
40. Ke3 Nb3 41. Rxc4 Nxd4 42. Rxd4 Rxd4 43. Kxd4 Kg7 44. Ke5 f5 45. Ke6 f4
1/2-1/2

[Event "XX чемпионат ПФО по шах"]
[Site "Набережные Челн�"]
[Date "2022.03.26"]
[Round "7.10"]
[White "Stakina, Melissa"]
[Black "Matveeva, Olga"]
[Result "0-1"]
[WhiteElo "1526"]
[BlackElo "2171"]
[PlyCount "82"]
[EventDate "2022.03.20"]

1. d4 Nf6 2. c4 d6 3. Nf3 g6 4. g3 Bg7 5. Bg2 O-O 6. O-O Nc6 7. Nc3 a6 8. e4
Bg4 9. Be3 Nd7 10. h3 Bxf3 11. Bxf3 e5 12. d5 Nd4 13. Bg2 c5 14. dxc6 bxc6 15.
Qd2 Rb8 16. Rad1 Qa5 17. Rfe1 Rfe8 18. b3 Qb4 19. Qc1 Nc5 20. Ne2 Nce6 21. Bd2
Qb6 22. Kh1 a5 23. f4 Nxe2 24. Rxe2 Nd4 25. Ree1 c5 26. f5 gxf5 27. Bh6 Qd8 28.
Bxg7 Kxg7 29. exf5 Nxf5 30. g4 Nd4 31. Bd5 Qh4 32. Qc3 f6 33. Re3 Qf2 34. Rde1
Qxa2 35. Ra1 Qf2 36. Qxa5 Qxe3 37. Qc7+ Kh8 38. Ra7 Qxh3+ 39. Kg1 Qxg4+ 40. Kh1
Qh3+ 41. Kg1 Rg8+ 0-1

[Event "XX чемпионат ПФО по шах"]
[Site "Набережные Челн�"]
[Date "2022.03.26"]
[Round "7.11"]
[White "Yakimova, Mariya"]
[Black "Mullina, Almira"]
[Result "1-0"]
[WhiteElo "2198"]
[BlackElo "1304"]
[PlyCount "102"]
[EventDate "2022.03.20"]

1. d4 Nf6 2. c4 g6 3. Nc3 Bg7 4. e4 d6 5. f3 O-O 6. Be3 Nc6 7. Nge2 a6 8. Qd2
Rb8 9. Rc1 Bd7 10. b3 b5 11. c5 dxc5 12. d5 Nd4 13. Nxd4 cxd4 14. Bxd4 c6 15.
dxc6 Bxc6 16. Be2 Rc8 17. e5 Nd7 18. Qe3 Qa5 19. e6 Bxd4 20. exf7+ Kxf7 21.
Qxd4 Nf6 22. O-O Rfd8 23. Qe3 Qb4 24. Kh1 Bb7 25. Ne4 Nxe4 26. fxe4+ Kg7 27.
Rxc8 Bxc8 28. Qf4 Qd6 29. e5 Qd5 30. Qg5 Qc5 31. a3 Be6 32. b4 Qa7 33. h4 Rf8
34. Rxf8 Kxf8 35. Qf4+ Kg7 36. h5 h6 37. hxg6 Qc7 38. Kh2 Qc3 39. Bf3 a5 40.
Bg4 Bg8 41. e6 axb4 42. axb4 Qb2 43. Kg3 Qc3+ 44. Kh4 Kxg6 45. Qf5+ Kg7 46. Kh5
Qd4 47. Qg6+ Kf8 48. Qxh6+ Ke8 49. Qg6+ Kf8 50. Bf5 Bxe6 51. Qxe6 Qf4 1-0

[Event "XX чемпионат ПФО по шах"]
[Site "Набережные Челн�"]
[Date "2022.03.26"]
[Round "7.12"]
[White "Maltseva, Aleksandra"]
[Black "Chepovetskaya, Sofya"]
[Result "1-0"]
[WhiteElo "1498"]
[BlackElo "1369"]
[PlyCount "95"]
[EventDate "2022.03.20"]

1. e4 e5 2. Nf3 d6 3. Bc4 Nf6 4. Nc3 Be7 5. h3 c6 6. O-O b5 7. Bd3 O-O 8. a3 a5
9. b3 Na6 10. Bb2 Bb7 11. Ne2 Nc5 12. Ng3 h5 13. Qe2 g6 14. Qe3 Re8 15. Rab1
Bf8 16. Ba1 Nfd7 17. Nh2 h4 18. Ne2 d5 19. b4 axb4 20. axb4 dxe4 21. bxc5 exd3
22. Qxd3 Nxc5 23. Qe3 Qd5 24. Ng4 Bg7 25. d3 Na4 26. c4 Qd7 27. f4 exf4 28.
Qxf4 f5 29. Ne5 Qe6 30. d4 Ba6 31. Qxh4 bxc4 32. Nf4 Qf6 33. Qg3 c3 34. Rf2 c5
35. Nexg6 cxd4 36. Nh5 Qf7 37. Nxg7 Qxg7 38. Rxf5 d3 39. Rg5 Qa7+ 40. Kh2 Kf7
41. Rf1+ Ke6 42. Qe5+ Kd7 43. Rf7+ Kd8 44. Qd6+ Kc8 45. Qc6+ Kb8 46. Qxe8+ Bc8
47. Rb5+ Qb6 48. Qe5# 1-0

[Event "XX чемпионат ПФО по шах"]
[Site "Набережные Челн�"]
[Date "2022.03.26"]
[Round "7.13"]
[White "Tazetdinova, Adelya"]
[Black "Ivanova, Arina"]
[Result "0-1"]
[WhiteElo "1490"]
[BlackElo "1660"]
[PlyCount "74"]
[EventDate "2022.03.20"]

1. e4 e5 2. Nf3 Nc6 3. d4 exd4 4. Nxd4 Bb4+ 5. c3 Bc5 6. Nb3 Bb6 7. Bd3 d6 8.
Bf4 Nf6 9. N1d2 Ng4 10. Bg3 h5 11. h3 Nge5 12. Nf3 Qf6 13. Nbd4 h4 14. Bxe5
Nxe5 15. Bc2 Bd7 16. Qe2 g5 17. O-O-O O-O-O 18. Kb1 g4 19. Nd2 Rdg8 20. Rdf1
Ng6 21. hxg4 Nf4 22. Qc4 Nxg2 23. g5 Qxg5 24. N2f3 Qf6 25. Bb3 Rg7 26. Bd1 h3
27. Nh2 Nf4 28. Bf3 Rhg8 29. a4 a6 30. Rd1 Qe5 31. Qb4 Ng2 32. Nf1 Nh4 33. Ne3
Nxf3 34. Nxf3 Qf4 35. Nd4 Qxe4+ 36. Ka1 Bxd4 37. cxd4 d5 0-1

[Event "XX чемпионат ПФО по шах"]
[Site "Набережные Челн�"]
[Date "2022.03.26"]
[Round "7.14"]
[White "Aminova, Zarina"]
[Black "Kayumova, Karina"]
[Result "1/2-1/2"]
[WhiteElo "1393"]
[BlackElo "1290"]
[PlyCount "49"]
[EventDate "2022.03.20"]

1. d4 Nf6 2. c4 e6 3. Nf3 d5 4. Nc3 Bb4 5. Bg5 Nbd7 6. cxd5 exd5 7. e3 h6 8.
Bxf6 Bxc3+ 9. bxc3 Nxf6 10. Bd3 O-O 11. h3 Re8 12. O-O Ne4 13. Qc2 Ng5 14. Nxg5
Qxg5 15. Kh2 Re6 16. Rab1 b6 17. a4 a5 18. c4 dxc4 19. Bxc4 Rg6 20. Qe4 Rb8 21.
Rb5 Bb7 22. Rxg5 Bxe4 23. Rxg6 Bxg6 24. Bb5 Rc8 25. Rc1 1/2-1/2

[Event "XX чемпионат ПФО по шах"]
[Site "Набережные Челн�"]
[Date "2022.03.26"]
[Round "7.15"]
[White "Nigmatullina, Dina"]
[Black "Tabermakova, Leila"]
[Result "0-1"]
[WhiteElo "1501"]
[BlackElo "1591"]
[PlyCount "94"]
[EventDate "2022.03.20"]

1. d4 Nf6 2. c4 c5 3. d5 b5 4. Qc2 d6 5. e4 bxc4 6. Bxc4 g6 7. h3 Bg7 8. Nf3
Nbd7 9. Nc3 O-O 10. O-O Nb6 11. Be2 Bb7 12. Be3 Qc8 13. Rad1 Nfd7 14. Nd2 Ba6
15. Bxa6 Qxa6 16. f4 h5 17. Nf3 Rab8 18. Bf2 Nc4 19. b3 Na3 20. Qc1 Nb5 21.
Nxb5 Rxb5 22. Qc2 Rc8 23. Nd2 Rbb8 24. Rfe1 Nb6 25. Rc1 c4 26. bxc4 Na4 27. e5
Rb2 28. Qd3 Rxa2 29. Rc2 Rxc2 30. Qxc2 Nb6 31. exd6 exd6 32. Qd3 Nxc4 33. f5
Qa3 34. Qxa3 Nxa3 35. fxg6 fxg6 36. Re6 Rc1+ 37. Kh2 Rd1 38. Be3 Be5+ 39. g3
Re1 40. Bg5 h4 41. Re8+ Kf7 42. Re7+ Kf8 43. Rxa7 hxg3+ 44. Kg2 Re2+ 45. Kf3 g2
46. Bh6+ Kg8 47. Kxe2 g1=Q 0-1

[Event "XX чемпионат ПФО по шах"]
[Site "Набережные Челн�"]
[Date "2022.03.26"]
[Round "7.16"]
[White "Yusupova, Adel"]
[Black "Mokeeva, Zlata"]
[Result "1/2-1/2"]
[WhiteElo "1328"]
[BlackElo "1265"]
[PlyCount "92"]
[EventDate "2022.03.20"]

1. d4 Nf6 2. c4 e6 3. g3 c5 4. d5 exd5 5. cxd5 d6 6. Bg2 g6 7. Nc3 Bg7 8. Nf3
a6 9. a4 O-O 10. O-O Re8 11. Re1 Nbd7 12. e4 Qc7 13. Qc2 Rb8 14. a5 b5 15. axb6
Nxb6 16. Bf1 Bg4 17. Qd3 c4 18. Qd1 Bxf3 19. Qxf3 Nfxd5 20. Rxa6 Nxc3 21. bxc3
Qb7 22. Rxb6 Qxb6 23. Bxc4 Qc7 24. Bd5 Rb1 25. Bd2 Rxe1+ 26. Bxe1 Qe7 27. c4
Rb8 28. Kg2 Bd4 29. h4 Qf6 30. Qxf6 Bxf6 31. f3 Kf8 32. Kh3 Ke7 33. Bf2 Rb2 34.
Bg1 Rc2 35. Kg4 h5+ 36. Kh3 Rc3 37. Kg2 Rc2+ 38. Kh3 Be5 39. f4 Bc3 40. c5 dxc5
41. Bxc5+ Ke8 42. Bg1 Be1 43. Bh2 f6 44. Bb3 Rb2 45. Bd5 Kf8 46. Bg1 Rd2
1/2-1/2